| 000 | 00617nam a22001937a 4500 | ||
|---|---|---|---|
| 005 | 20180827113929.0 | ||
| 010 | _aENG-123772 | ||
| 020 |
_c80.00 _a9788123761879 |
||
| 035 | _aEN-107304 | ||
| 037 | _bDBAD/PUB | ||
| 082 | _a320.454 | ||
| 100 | _aMahendra Prasad Singh | ||
| 245 |
_aIndian federalism : _cby Mahendra Prasad Singh _ban introduction / |
||
| 260 |
_aNew Delhi _bNational Book Trust _c2011 |
||
| 270 |
_aNehru Bhawan, 5 Industrial Area, Phae-II, Vasant Kunj, _bNew Delhi _e110070 |
||
| 300 |
_ax,192p. _c22cm(pbk) |
||
| 500 | _aIt includes index | ||
| 942 |
_2ddc _cEN _mMAH _h320.454 |
||
| 999 |
_c156371 _d156371 |
||